Statistics for New York Islanders Captains

Click here to take the quiz!

General Stats

  • This quiz has been taken 10 times
  • The average score is 4 of 15

Answer Stats

Years Answer % Correct
2014-18John Tavares
88%
1980-87Denis Potvin
88%
2019-CurrentAnders Lee
63%
2012-13Mark Streit
38%
1978-79Clark Gillies
38%
2006-07Alexei Yashin
25%
1992-96Pat Flatley
25%
1988-92Brent Sutter
25%
2008-09Bill Guerin
13%
2010-11Doug Weight
13%
1973-77Ed Westfall
13%
2002-04Michael Peca
13%
2000-01Kenny J├Ânsson
0%
1998Bryan McCabe
0%
1999Trever Linden
0%

Score Distribution

Percentile by Number Answered

Percent of People with Each Score

Your Score History

You have not taken this quiz